[Event "Oberliga Nord N 1213"]
[Site "Germany"]
[Date "2012.12.09"]
[Round "4.4"]
[White "Brack, Peter"]
[Black "Marx, Joschka"]
[Result "1/2-1/2"]
[WhiteElo "2065"]
[BlackElo "2034"]
[PlyCount "203"]
[EventDate "2012.10.14"]
[EventType "team-tourn"]
[EventRounds "9"]
[EventCountry "GER"]
[SourceTitle "EXT 2015"]
[Source "ChessBase"]
[SourceDate "2014.11.20"]
[SourceVersion "1"]
[SourceVersionDate "2014.11.20"]
[SourceQuality "1"]
[WhiteTeam "Rostock"]
[BlackTeam "Schwarzenbek"]
[WhiteTeamCountry "GER"]
[BlackTeamCountry "GER"]

1. Nf3 Nf6 2. b3 c5 3. Bb2 Nc6 4. e3 e6 5. Be2 Be7 6. 0-0 0-0 7. d3 Qc7 8. Nbd2 b6 9. c4 Bb7 10. Rc1 Rfd8 11. Ne4 Nxe4 12. dxe4 d6 13. Qc2 a5 14. a4 Nb4 15. Qb1 Qc6 16. Nd2 Rf8 17. Bf3 Qc7 18. Rcd1 Rad8 19. Bc3 Nc6 20. Be2 e5 21. Bd3 Qc8 22. Rde1 Bh4 23. Qd1 g6 24. g3 Bf6 25. f4 Bg7 26. f5 f6 27. g4 Ne7 28. Rf3 Qc6 29. Qe2 g5 30. Rh3 h6 31. Rd1 Rd7 32. Bc2 Rfd8 33. Bb2 Kf8 34. Nb1 Qc8 35. Nc3 Qa8 36. Rd2 Bc6 37. Qd1 Qb7 38. Rh5 Nc8 39. Kf2 Re7 40. Kg3 Be8 41. Rh3 Bc6 42. Qf1 Ree8 43. Rh5 Qf7 44. h4 Ke7 45. hxg5 hxg5 46. Rh7 Rh8 47. Rdh2 Rxh7 48. Rxh7 Rh8 49. Rxh8 Bxh8 50. Qh1 Bg7 51. Kf3 Bf8 52. Ne2 Kd7 53. Ng3 Kc7 54. Qh8 Qg7 55. Qh5 Ne7 56. Bc3 Kd8 57. Qh2 Qf7 58. Qd2 Nc8 59. Bd3 Be8 60. Qh2 Qg7 61. Be1 Qh6 62. Qd2 Qh7 63. Bf1 Qb7 64. Qd5 Qxd5 65. exd5 Bf7 66. Ne4 Ke7 67. Bd3 Be8 68. Nc3 Na7 69. Bd2 Bg7 70. Ne2 Bf8 71. Ng1 Bg7 72. Nh3 Bh6 73. e4 Bf7 74. Kg3 Nc8 75. Be2 Be8 76. Nf2 Bg7 77. Kh3 Bh6 78. Nh1 Bf7 79. Ng3 Be8 80. Bf3 Bf7 81. Ne2 Be8 82. Nc3 Na7 83. Kg3 Bd7 84. Kf2 Nc8 85. Ke3 Kd8 86. Kd3 Be8 87. Kc2 Bf8 88. Kb2 Kc7 89. Ka3 Bd7 90. Be1 Be8 91. Nb5+ Kb7 92. Bd2 Be7 93. Be2 Na7 94. Kb2 Nxb5 95. axb5 Bd8 96. Ka3 Bd7 97. Ka4 Be8 98. Be3 Bd7 99. Bf3 Be8 100. Bd2 Be7 101. Bd1 Bd8 102. Bf3 1/2-1/2

[Event "BL2-Nord 1112"]
[Site "Germany"]
[Date "2012.04.15"]
[Round "9.6"]
[White "Polischuk, Viktor"]
[Black "Brack, Peter"]
[Result "1/2-1/2"]
[WhiteElo "2321"]
[BlackElo "2094"]
[PlyCount "72"]
[EventDate "2011.10.02"]
[EventType "team-tourn"]
[EventRounds "9"]
[EventCountry "GER"]
[SourceTitle "EXT 2015"]
[Source "ChessBase"]
[SourceDate "2014.11.20"]
[SourceVersion "1"]
[SourceVersionDate "2014.11.20"]
[SourceQuality "1"]
[WhiteTeam "Norderstedt"]
[BlackTeam "Rostock"]
[WhiteTeamCountry "GER"]
[BlackTeamCountry "GER"]

1. e4 e6 2. d3 c5 3. Nf3 Nc6 4. c3 Nf6 5. Be2 Be7 6. 0-0 0-0 7. h3 b6 8. Be3 Bb7 9. Nbd2 Rc8 10. a3 Qc7 11. d4 Nb8 12. Bd3 Ba6 13. c4 cxd4 14. Nxd4 Nc6 15. Rc1 Bb7 16. Bb1 Qb8 17. b4 Rfd8 18. Qc2 g6 19. Qb2 Nh5 20. Nxc6 Bxc6 21. Bd4 d6 22. Rfe1 Bf8 23. Nf1 Qa8 24. Nh2 e5 25. Be3 Bd7 26. Qd2 Be6 27. Bd3 Rd7 28. Be2 Nf6 29. Qb2 Rdc7 30. c5 bxc5 31. bxc5 Nxe4 32. Bf3 f5 33. Rcd1 Rb7 34. Qa1 Nxc5 35. Bxb7 Qxb7 36. Nf3 Ne4 1/2-1/2

[Event "Mecklenburg VP VL 1112"]
[Site "Mecklenburg VP"]
[Date "2011.10.02"]
[Round "1.4"]
[White "Brack, Peter"]
[Black "Hanisch, Sebastian"]
[Result "0-1"]
[WhiteElo "2006"]
[BlackElo "1953"]
[PlyCount "62"]
[EventDate "2011.10.02"]
[EventType "team-tourn"]
[EventRounds "9"]
[EventCountry "GER"]
[SourceTitle "EXT 2022"]
[Source "ChessBase"]
[SourceDate "2021.10.06"]
[SourceVersion "1"]
[SourceVersionDate "2021.10.06"]
[SourceQuality "1"]
[WhiteTeam "Rostock SSC 07 II"]
[BlackTeam "Schwerin SF"]
[WhiteTeamCountry "GER"]
[BlackTeamCountry "GER"]

1. d4 d5 2. Nf3 c6 3. c4 e6 4. e3 Bd6 5. Bd3 f5 6. Qc2 Nf6 7. cxd5 cxd5 8. Nc3 Nc6 9. Nb5 Bb8 10. a3 0-0 11. 0-0 Ne4 12. Bd2 g5 13. Ne1 a6 14. Nc3 Rf6 15. f3 Nxd2 16. Qxd2 f4 17. Ne2 e5 18. Rd1 Ba7 19. Nc2 Be6 20. Kh1 Qe7 21. Rc1 Qf7 22. Nb4 Nxb4 23. axb4 Rh6 24. g4 fxg3 25. Nxg3 Bh3 26. Rf2 Rf8 27. dxe5 Qe7 28. f4 gxf4 29. Rxf4 Qxe5 30. Rxf8+ Kxf8 31. Rc8+ Bxc8 0-1

[Event "Mecklenburg VP LL 0910"]
[Site "Mecklenburg VP"]
[Date "2010.03.21"]
[Round "8.1"]
[White "Brack, Peter"]
[Black "Illgen, Alexander"]
[Result "1-0"]
[WhiteElo "2007"]
[BlackElo "1962"]
[PlyCount "41"]
[EventDate "2009.10.18"]
[EventType "team-tourn"]
[EventRounds "9"]
[EventCountry "GER"]
[SourceTitle "EXT 2016"]
[Source "ChessBase"]
[SourceDate "2015.10.08"]
[SourceVersion "1"]
[SourceVersionDate "2015.10.08"]
[SourceQuality "1"]
[WhiteTeam "Rostock SSC 07 II"]
[BlackTeam "Ludwigslust Post SV"]
[WhiteTeamCountry "GER"]
[BlackTeamCountry "GER"]

1. d4 Nf6 2. Nf3 g6 3. Bf4 Bg7 4. e3 d6 5. Bc4 c5 6. c3 0-0 7. 0-0 Bf5 8. Nbd2 Nbd7 9. h3 Ne4 10. Bd5 Nxd2 11. Qxd2 Qc7 12. e4 Nb6 13. dxc5 Qxc5 14. Be3 Qb5 15. Bxb6 Bxh3 16. Bd4 Bg4 17. Bxg7 Kxg7 18. Nd4 Qb6 19. Qg5 e5 20. Qxg4 exd4 21. cxd4 1-0

[Event "Oberliga Nord N 0910"]
[Site "Germany"]
[Date "2010.01.24"]
[Round "5.8"]
[White "Brack, Peter"]
[Black "Meier, David Geffrey"]
[Result "0-1"]
[WhiteElo "2103"]
[BlackElo "2074"]
[PlyCount "50"]
[EventDate "2009.10.18"]
[EventType "team-tourn"]
[EventRounds "9"]
[EventCountry "GER"]
[SourceTitle "EXT 2011"]
[Source "ChessBase"]
[SourceDate "2010.11.26"]
[SourceVersion "1"]
[SourceVersionDate "2010.11.26"]
[SourceQuality "1"]
[WhiteTeam "Rostock"]
[BlackTeam "Hamburger SK"]
[WhiteTeamCountry "GER"]
[BlackTeamCountry "GER"]

1. c4 f5 2. Nf3 Nf6 3. Nc3 g6 4. d4 Bg7 5. b3 0-0 6. Ba3 d6 7. g3 Ne4 8. Qd3 c5 9. Bb2 Qa5 10. e3 Nc6 11. a3 cxd4 12. exd4 e5 13. dxe5 Nxe5 14. Nxe5 Qxe5 15. Nd1 Qe7 16. Be2 Bxb2 17. Nxb2 Nc5 18. Qd5+ Be6 19. Qd1 Qf6 20. Qc2 f4 21. 0-0-0 Bf5 22. Bd3 Bxd3 23. Nxd3 Qa1+ 24. Qb1 Qc3+ 25. Qc2 Nxb3+ 0-1